<?xml version="1.0" encoding="UTF-8"?>
<record
    xmlns:xsi="http://www.w3.org/2001/XMLSchema-instance"
    xsi:schemaLocation="http://www.loc.gov/MARC21/slim http://www.loc.gov/standards/marcxml/schema/MARC21slim.xsd"
    xmlns="http://www.loc.gov/MARC21/slim">

  <leader>02171nam a2200421 c 4500</leader>
  <controlfield tag="001">58435</controlfield>
  <controlfield tag="003">CO-BoRNBP</controlfield>
  <controlfield tag="005">20250822160425.0</controlfield>
  <controlfield tag="007">ta</controlfield>
  <controlfield tag="008">121119s2008    sp a|||jr6    000 f spa d</controlfield>
  <datafield tag="020" ind1=" " ind2=" ">
    <subfield code="a">9788496815025</subfield>
  </datafield>
  <datafield tag="040" ind1=" " ind2=" ">
    <subfield code="a">CO-BoRNBP</subfield>
    <subfield code="b">spa</subfield>
    <subfield code="e">rda</subfield>
    <subfield code="c">CO-BoRNBP</subfield>
  </datafield>
  <datafield tag="041" ind1="1" ind2=" ">
    <subfield code="a">spa</subfield>
    <subfield code="h">eng</subfield>
  </datafield>
  <datafield tag="084" ind1=" " ind2=" ">
    <subfield code="a">H</subfield>
  </datafield>
  <datafield tag="100" ind1=" " ind2=" ">
    <subfield code="a">Kafka, franz</subfield>
    <subfield code="e">aut</subfield>
  </datafield>
  <datafield tag="245" ind1="1" ind2="3">
    <subfield code="a">La metamorfosis /</subfield>
    <subfield code="c">Franz Kafka ; adaptado por Peter Kuper ; traducci&#xF3;n de Gonzalo Quesada.</subfield>
  </datafield>
  <datafield tag="250" ind1=" " ind2=" ">
    <subfield code="a">2a edici&#xF3;n</subfield>
  </datafield>
  <datafield tag="264" ind1=" " ind2="1">
    <subfield code="a">Bilbao, Espa&#xF1;a :</subfield>
    <subfield code="b">Astiberri,</subfield>
    <subfield code="c">2008</subfield>
  </datafield>
  <datafield tag="300" ind1=" " ind2=" ">
    <subfield code="a">79 p&#xE1;ginas :</subfield>
    <subfield code="b">ilustraciones en blanco y negro</subfield>
  </datafield>
  <datafield tag="336" ind1=" " ind2=" ">
    <subfield code="a">texto</subfield>
    <subfield code="b">txt</subfield>
    <subfield code="2">rdacontenido</subfield>
  </datafield>
  <datafield tag="337" ind1=" " ind2=" ">
    <subfield code="a">sin mediaci&#xF3;n</subfield>
    <subfield code="b">n</subfield>
    <subfield code="2">rdamedio</subfield>
  </datafield>
  <datafield tag="338" ind1=" " ind2=" ">
    <subfield code="a">volumen</subfield>
    <subfield code="b">nc</subfield>
    <subfield code="2">rdasoporte</subfield>
  </datafield>
  <datafield tag="490" ind1="0" ind2=" ">
    <subfield code="a">Cl&#xE1;sicos Universales</subfield>
    <subfield code="v">Vol. 3</subfield>
  </datafield>
  <datafield tag="490" ind1="0" ind2=" ">
    <subfield code="a">Colecci&#xF3;n de Fortalecimiento del Ministerio de Cultura - Fortalecimiento 2011</subfield>
  </datafield>
  <datafield tag="505" ind1="0" ind2=" ">
    <subfield code="a">La metamorfosis -- Ante la ley -- Un informe para una academia -- La condena</subfield>
  </datafield>
  <datafield tag="520" ind1=" " ind2=" ">
    <subfield code="a">Cuando Gregorio Samsa se despert&#xF3; una ma&#xF1;ana despu&#xE9;s de un sue&#xF1;o intranquilo, se encontr&#xF3; sobre su cama convertido en un monstruoso insecto. Estaba tumbado sobre su espalda dura, y en forma de caparaz&#xF3;n, y al levantar un poco la cabeza ve&#xED;a un vientre abombado, parduzco, dividido por partes duras en forma de arco, sobre cuya protuberancia apenas pod&#xED;a mantenerse el cobertor, a punto ya de resbalar al suelo. Sus muchas patas, rid&#xED;culamente peque&#xF1;as en comparaci&#xF3;n con el resto de su tama&#xF1;o, le vibraban desamparadas ante los ojos. Un c&#xF3;mic profundamente literario..</subfield>
  </datafield>
  <datafield tag="521" ind1=" " ind2=" ">
    <subfield code="a">Recomendado para personas de 16 a 18 a&#xF1;os</subfield>
  </datafield>
  <datafield tag="650" ind1="0" ind2="7">
    <subfield code="a">Existencialismo en la literatura</subfield>
    <subfield code="2">lemb</subfield>
    <subfield code="9">62773</subfield>
  </datafield>
  <datafield tag="650" ind1="0" ind2="4">
    <subfield code="a">Literatura juvenil checoslovaca</subfield>
    <subfield code="y">Siglos XIX-XX</subfield>
    <subfield code="2">LEMB</subfield>
    <subfield code="9">63198</subfield>
  </datafield>
  <datafield tag="650" ind1="0" ind2="7">
    <subfield code="a">Mente y cuerpo en la literatura</subfield>
    <subfield code="2">lemb</subfield>
    <subfield code="9">63199</subfield>
  </datafield>
  <datafield tag="650" ind1="0" ind2="4">
    <subfield code="a">Novela juvenil checoslovaca</subfield>
    <subfield code="y">Siglos XIX-XX</subfield>
    <subfield code="x">Adaptaciones literarias</subfield>
    <subfield code="2">LEMB</subfield>
    <subfield code="9">63200</subfield>
  </datafield>
  <datafield tag="650" ind1="0" ind2="7">
    <subfield code="a">Soledad</subfield>
    <subfield code="2">lemb</subfield>
    <subfield code="9">60340</subfield>
  </datafield>
  <datafield tag="650" ind1="0" ind2="7">
    <subfield code="a">Surrealismo</subfield>
    <subfield code="2">LEMB</subfield>
    <subfield code="9">63201</subfield>
  </datafield>
  <datafield tag="700" ind1=" " ind2=" ">
    <subfield code="a">Kuper, Peter</subfield>
    <subfield code="e">adp</subfield>
    <subfield code="9">63202</subfield>
  </datafield>
  <datafield tag="700" ind1=" " ind2=" ">
    <subfield code="a">Quesada, Gonzalo</subfield>
    <subfield code="e">trl</subfield>
    <subfield code="9">36378</subfield>
  </datafield>
  <datafield tag="830" ind1=" " ind2="0">
    <subfield code="a">Plan Nacional de Lectura y Escritura Leer es mi Cuento</subfield>
  </datafield>
  <datafield tag="942" ind1=" " ind2=" ">
    <subfield code="2">loc</subfield>
    <subfield code="c">BKLIT</subfield>
  </datafield>
  <datafield tag="999" ind1=" " ind2=" ">
    <subfield code="c">58435</subfield>
    <subfield code="d">58435</subfield>
  </datafield>
  <datafield tag="952" ind1=" " ind2=" ">
    <subfield code="0">0</subfield>
    <subfield code="1">0</subfield>
    <subfield code="2">ddc</subfield>
    <subfield code="4">0</subfield>
    <subfield code="7">0</subfield>
    <subfield code="8">GEN</subfield>
    <subfield code="a">MEMAPIRI</subfield>
    <subfield code="b">MEMAPIRI</subfield>
    <subfield code="c">LIT</subfield>
    <subfield code="d">2025-08-22</subfield>
    <subfield code="l">0</subfield>
    <subfield code="o">H KUP1</subfield>
    <subfield code="p">MAP00004482</subfield>
    <subfield code="r">2025-08-22 16:05:08</subfield>
    <subfield code="t">Ej.1</subfield>
    <subfield code="w">2025-08-22</subfield>
    <subfield code="y">BKLIT</subfield>
  </datafield>
</record>
